000 00250nam a22000857a 4500
008 160708b xxu||||| |||| 00| 0 eng d
100 _92444
_aMalhotra S.K
245 _aSuper Simplified Science
_bChemistry-IX
260 _aJalandher
_bS.Dinesh Publication
_c2012
999 _c2115
_d2115